[Event "XI Anibal Open"]
[Site "Linares ESP"]
[Date "2005.02.28"]
[Round "4"]
[White "Rodriguez Guerrero,E"]
[Black "Bertona,F"]
[Result "1/2-1/2"]
[WhiteElo "2430"]
[BlackElo "2437"]

1.e4 d6 2.d4 Nf6 3.Nc3 e5 4.Nf3 Nbd7 5.h3 c6 6.Be3 Be7 7.g4 h6 8.a4 b6 9.Bg2 Ba6
10.Qd2 Qc7 11.g5 hxg5 12.Nxg5 Nh7 13.Nxh7 Rxh7 14.O-O-O O-O-O 15.f4 exd4
16.Bxd4 Bf6 17.Qf2 Bh4 18.Qf3 Bb7 19.Rd2  1/2-1/2

[Event "XI Anibal Open"]
[Site "Linares ESP"]
[Date "2005.02.28"]
[Round "4"]
[White "Vuilleumier,A"]
[Black "Burmakin,V"]
[Result "0-1"]
[WhiteElo "2280"]
[BlackElo "2554"]

1.e4 c6 2.d4 d6 3.Nc3 Nf6 4.Bg5 Nbd7 5.Qd2 e5 6.f3 Be7 7.O-O-O O-O 8.Nge2 b5
9.Ng3 Nb6 10.dxe5 dxe5 11.Qxd8 Rxd8 12.Rxd8+ Bxd8 13.Nh5 Be6 14.Nxf6+ gxf6
15.Bh4 b4 16.Nd1 a5 17.Ne3 Bxa2 18.b3 a4 19.Kb2 axb3 20.cxb3 Bxb3 21.Ng4 Be6
22.Nxf6+ Kg7 23.Ne8+ Kg6 24.Be1 Na4+ 25.Kb1 Ba5 26.Nd6 Rd8 27.Nc4 Rd1+ 28.Kc2 Rxe1
29.Nxa5 c5  0-1

[Event "Severstal 50"]
[Site "Cherepovets RUS"]
[Date "2005.03.03"]
[Round "7"]
[White "Dovliatov,S"]
[Black "Zhuravlev,Al"]
[Result "1-0"]
[WhiteElo "2398"]
[BlackElo "2348"]

1.e4 d6 2.d4 Nf6 3.Nc3 e5 4.Nf3 Nbd7 5.Bc4 Be7 6.O-O O-O 7.h3 c6 8.a4 b6
9.Ba2 Bb7 10.Nh4 g6 11.Bh6 Re8 12.dxe5 dxe5 13.Qf3 Bf8 14.Bg5 Bg7 15.Rfd1 Bc8
16.Rd6 h6 17.Bxf6 Bxf6 18.Nxg6 Kg7 19.Nh4 Rh8 20.Rxc6 Rh7 21.Nf5+ Kf8 22.Rd1  1-0

[Event "ch-RUS u20g"]
[Site "Nojabrsk RUS"]
[Date "2005.03.06"]
[Round "5"]
[White "Tairova,E"]
[Black "Fominykh,M"]
[Result "1/2-1/2"]
[WhiteElo "2277"]
[BlackElo "2282"]

1.e4 d6 2.d4 Nf6 3.Nc3 e5 4.Nf3 Nbd7 5.Bc4 Be7 6.O-O O-O 7.a4 c6 8.Re1 Rb8
9.b3 b6 10.d5 cxd5 11.Bxd5 a6 12.Ba3 Qc7 13.Qd2 Nc5 14.h3 Nh5 15.Nd1 Nf4
16.Ne3 g6 17.Bb2 Bb7 18.Ng4 h5 19.Ngh2 Bf6 20.Nf1 Bg7 21.b4 Nce6 22.Ne3 Nxd5
23.Nxd5 Bxd5 24.exd5 Nf4 25.g3 Nxh3+ 26.Kg2 Qc8 27.Ra3 Qg4 28.Rh1 e4 29.Bxg7 exf3+
30.Rxf3 Kxg7  1/2-1/2

[Event "Acropolis GM Open"]
[Site "Athens GRE"]
[Date "2005.03.07"]
[Round "2"]
[White "Tsanas,A"]
[Black "Georgiadis,I"]
[Result "1/2-1/2"]
[WhiteElo "2289"]
[BlackElo "2200"]

1.e4 d6 2.d4 Nf6 3.Nc3 c6 4.Be3 Qc7 5.h3 Nbd7 6.Nf3 e5 7.Bd3 Be7 8.O-O O-O
9.a4 Re8 10.Re1 Bf8 11.Bg5 h6 12.Bh4 g6 13.dxe5 dxe5 14.a5  1/2-1/2

[Event "ch-RUS u20g"]
[Site "Nojabrsk RUS"]
[Date "2005.03.07"]
[Round "6"]
[White "Vasilevich,I"]
[Black "Fominykh,M"]
[Result "0-1"]
[WhiteElo "2292"]
[BlackElo "2282"]

1.e4 d6 2.d4 Nf6 3.Nc3 c6 4.a4 Qa5 5.Bd2 e5 6.Nd5 Qd8 7.Nxf6+ Qxf6 8.Nf3 Bg4
9.dxe5 dxe5 10.Be2 Bxf3 11.Bxf3 Na6 12.O-O Be7 13.Qe1 Nc5 14.Be3 Ne6 15.Rd1 O-O
16.Qc3 Rfd8 17.a5 Nd4 18.Bxd4 exd4 19.Qb3 Rab8 20.Be2 b5 21.axb6 Rxb6 22.Qa2 Qe5
23.Bd3 Rdb8 24.b3 Qc7 25.f4 f6 26.Ra1 Ra8 27.Qb1 Bd6 28.g3 Kh8 29.Qd1 g6
30.Bc4 Qe7 31.Qd3 Bb4 32.Rf2 Bc3 33.Raf1 a5 34.e5 f5 35.g4 Rf8 36.gxf5 gxf5
37.Rg2 c5 38.Qxf5 d3 39.Qxd3 Bd4+ 40.Kh1 Qb7 41.Qe2 a4 42.bxa4 Rb1 43.Ba6 Rxf4
44.Rd1 Rxd1+ 45.Qxd1 Qxa6 46.c4 Qxc4 47.Re2 Qd5+ 48.Rg2 Qf7 49.e6 Rf1+ 50.Rg1 Rxd1  0-1

[Event "Acropolis GM Open"]
[Site "Athens GRE"]
[Date "2005.03.09"]
[Round "4"]
[White "Kokolias,K"]
[Black "Poteas,I"]
[Result "1-0"]
[WhiteElo "2137"]
[BlackElo "2190"]

1.e4 d6 2.d4 Nf6 3.Nc3 c6 4.f4 Qa5 5.Bd3 e5 6.Nf3 Bg4 7.Be3 Nbd7 8.O-O Be7
9.h3 Bxf3 10.Qxf3 exd4 11.Bxd4 O-O 12.Rad1 Bd8 13.Kh1 Bb6 14.Bc4 Bxd4 15.Rxd4 b5
16.Rxd6 bxc4 17.e5 Nxe5 18.fxe5 Qxe5 19.Rxc6 Rac8 20.Rxc8 Rxc8 21.Qf5 Qb8
22.Nd5 Nxd5 23.Qxf7+ Kh8 24.Qxd5 Qxb2 25.Qxc4 Qb8 26.Qb3 h6 27.c4 Qc7 28.Rc1 Qf4
29.Qc3 Rc5 30.Qc2 Kg8 31.Kg1 a5 32.Kh1 Qd4 33.Qg6 Rg5 34.Qe6+ Kh7 35.Re1 Kh8
36.Qe4 Qc5 37.Rd1 Qc7 38.Rd5 Rg3 39.Re5 Rg6 40.Re8+ Kh7 41.Re6 Qf7 42.Ra6  1-0

[Event "Acropolis GM Open"]
[Site "Athens GRE"]
[Date "2005.03.09"]
[Round "4"]
[White "Sokolov,And1"]
[Black "Solak,D"]
[Result "1/2-1/2"]
[WhiteElo "2582"]
[BlackElo "2596"]

1.e4 d6 2.d4 Nf6 3.Nc3 e5 4.Nf3 exd4 5.Qxd4 Be7 6.Bf4 O-O 7.O-O-O Nc6 8.Qd2 a6
9.e5 dxe5 10.Qxd8 Rxd8  1/2-1/2

[Event "ch-RUS u20g"]
[Site "Nojabrsk RUS"]
[Date "2005.03.11"]
[Round "10"]
[White "Pogonina,N"]
[Black "Fominykh,M"]
[Result "1-0"]
[WhiteElo "2362"]
[BlackElo "2282"]

1.e4 d6 2.d4 Nf6 3.Nc3 e5 4.Nf3 Nbd7 5.Bc4 Be7 6.O-O O-O 7.Re1 c6 8.a4 b6
9.b3 a6 10.Bb2 Rb8 11.Bd3 Re8 12.Ne2 Bf8 13.Ng3 Qc7 14.Qd2 g6 15.h3 Bg7 16.dxe5 dxe5
17.a5 b5 18.Bf1 Bb7 19.c4 Ba8 20.cxb5 cxb5 21.Rac1 Qa7 22.Ba3 Rbc8 23.Bd3 Bc6
24.Bb1 Qa8 25.Bd6 Re6 26.Ba3 h6 27.Qe3 Bb7 28.Red1 Rxc1 29.Rxc1 Rc6 30.Rd1 Qc8
31.Qd2 Bf8 32.Bxf8 Qxf8 33.Rc1 Kh7 34.Rxc6 Bxc6 35.b4 Qe7 36.Kh2 Bb7 37.Qc3 Qd6
38.Qb3 Kg7 39.Nh4 Qe6 40.Qe3 Ne8 41.Qd2 Kh7 42.Ba2 Qd6 43.Qe3 Qf6 44.Nf3 Nd6
45.Qd3 Nb8 46.Bd5 Bxd5 47.Qxd5 Qe6 48.Nxe5 Qxd5 49.exd5 Kg7 50.Ne2 Kf6 51.Nd3 Ke7
52.Nd4 Ne4 53.f3 Nf6 54.Nc6+ Nxc6 55.dxc6 Kd6 56.Ne5 Nd5 57.Nxf7+ Kxc6 58.Ne5+ Kd6
59.Nd3 Nc7 60.Kg3 Kd5 61.Kf2 Kc4 62.Ke2 Nd5 63.f4 Nxb4 64.Ne5+ Kc3 65.Nd7 Nd5
66.Nc5 b4 67.Nxa6 b3 68.Nc5 Nxf4+ 69.Kf3 Nd5 70.Ke4 Nc7 71.Ke5 b2 72.Na4+ Kb3
73.Nxb2 Kxb2 74.Kf6 Kb3 75.Kxg6 Kb4 76.Kxh6 Kxa5 77.g4 Kb5 78.g5 Kc6 79.g6 Nd5
80.Kg7 Kd6 81.h4 Ke7 82.h5 Nf6 83.h6 Nh5+ 84.Kh8 Nf4 85.g7 Ng6+ 86.Kh7 Nf8+
87.Kg8 Nd7 88.h7 Ke6 89.h8=Q Nf6+ 90.Kf8  1-0

[Event "Tch-FIN 2004-5"]
[Site "Finland FIN"]
[Date "2005.03.12"]
[Round "8"]
[White "Fieandt,J"]
[Black "Eskola,R"]
[Result "1/2-1/2"]
[WhiteElo "2164"]
[BlackElo "2141"]

1.d4 d6 2.e4 Nf6 3.Nc3 Nbd7 4.Bg5 e5 5.Nf3 c6 6.Bc4 Be7 7.a4 Qc7 8.a5 Nf8
9.h3 h6 10.Be3 Ng6 11.Bb3 O-O 12.O-O Re8 13.Qd2 Bf8 14.Rfe1 Nh5 15.dxe5 dxe5
16.Ne2 Be6 17.Bxe6 Rxe6 18.Qc3  1/2-1/2

[Event "Bundesliga 2004-5"]
[Site "Stuttgart GER"]
[Date "2005.03.12"]
[Round "12"]
[White "Langrock,H"]
[Black "Lorscheid,G"]
[Result "1-0"]
[WhiteElo "2402"]
[BlackElo "2274"]

1.e4 d6 2.d4 Nf6 3.Nc3 e5 4.Nf3 Nbd7 5.Bc4 Be7 6.O-O O-O 7.Re1 c6 8.a4 b6
9.h3 a6 10.Ba2 Rb8 11.Bg5 b5 12.axb5 axb5 13.Qd3 exd4 14.Qxd4 b4 15.Ne2 Qc7
16.Ng3 Ne5 17.Nxe5 dxe5 18.Qe3 g6 19.Bh6 Re8 20.Bc4 Bd8 21.Ra7 Rb7 22.Rea1 Be6
23.Bxe6 Rxe6 24.Ra8 Re8 25.Nf5 Nh5 26.Rd1 Rb8 27.Ra7 Qb6 28.Rdd7 Qxe3 29.Nxe3 Bb6
30.Rab7 Rxb7 31.Rxb7 Bc5 32.Rc7 Bd4 33.b3 Nf6 34.f3 Re6 35.Kh2 Ne8 36.Rb7 c5
37.Nd5 f5 38.Ne7+ Kf7 39.Nd5+ Kg8 40.Ne7+ Kf7 41.Nxf5+ Kf6 42.Ng7  1-0

[Event "Bundesliga 2004-5"]
[Site "Katernberg GER"]
[Date "2005.03.13"]
[Round "13"]
[White "L'Ami,E"]
[Black "Jobava,Ba"]
[Result "0-1"]
[WhiteElo "2531"]
[BlackElo "2640"]

1.e4 d6 2.d4 Nf6 3.Nc3 Nbd7 4.Nf3 e5 5.Bc4 Be7 6.O-O O-O 7.a4 c6 8.Re1 a5
9.b3 h6 10.Bb2 Qc7 11.Bd3 Rd8 12.Qd2 Nf8 13.h3 Ng6 14.Rad1 Nh7 15.Ne2 Ng5
16.Qe3 Bf6 17.Nh2 Re8 18.Qc1 Nh4 19.Kh1 Qb6 20.Qe3 Ng6 21.f3 h5 22.Ng3 exd4
23.Qd2 Ne6 24.Nxh5 Bg5 25.Qf2 Qc5 26.Ng3 Bh4 27.Nhf1 Ngf4 28.Kh2 Qe5 29.Bc4 c5
30.Bc1 g5 31.Kg1 Nh5 32.Nxh5 Bxf2+ 33.Kxf2 Nf4 34.Nxf4 gxf4 35.Nh2 Qg5 36.Ng4 Bxg4
37.hxg4 Qh4+ 38.Ke2 Qg3 39.Rg1 Kg7 40.Bd2 Qh2 41.Kf2 b6 42.c3 Rac8 43.Be1 f6
44.Kf1 Kg6 45.Rd3 Re5 46.Bd2 Kg7 47.Kf2 d5  0-1

[Event "TCh-SWE Elitserien 2004-5"]
[Site "Malmo SWE"]
[Date "2005.03.13"]
[Round "11"]
[White "Olsson,An"]
[Black "Eriksson,Mag1"]
[Result "1-0"]
[WhiteElo "2416"]
[BlackElo "2338"]

1.e4 d6 2.d4 Nf6 3.Nc3 e5 4.Nf3 Nbd7 5.Bc4 Be7 6.O-O O-O 7.a4 a5 8.Re1 c6
9.b3 Qc7 10.Ba3 exd4 11.Nxd4 Ne5 12.Bf1 Re8 13.Qd2 Bf8 14.Rad1 Qb6 15.Kh1 Bd7
16.h3 Rad8 17.f4 Ng6 18.g3 Bc8 19.Bg2 Nd7 20.Nf5 d5 21.Nd6 Bxd6 22.Bxd6 dxe4
23.Nxe4 h6 24.Qc3 f5 25.Nc5 Nf6 26.Be5 Rxd1 27.Rxd1 Nxe5 28.fxe5 Nh7 29.Rd6 Qc7
30.Nd3 Nf8 31.Rd5 Ne6 32.Rxa5 Qb6 33.Ra8 Bd7 34.Rxe8+ Bxe8 35.Qb4 Qxb4 36.Nxb4 Nd4
37.a5 Kf7 38.Nd3 Bd7 39.Nc5 Bc8 40.c3 Ne6 41.Nd3 Nd8 42.b4 Be6 43.Kg1 g5
44.Nc5 Bc8 45.Bf1 Be6 46.Nxb7  1-0

[Event "ch-Privolzhsky Region"]
[Site "Ishevsk RUS"]
[Date "2005.03.19"]
[Round "4"]
[White "Fedoseev,Vl"]
[Black "Dudukin,Ilya"]
[Result "1/2-1/2"]
[WhiteElo "2334"]
[BlackElo "2413"]

1.e4 d6 2.d4 Nf6 3.Nc3 e5 4.Nf3 Nbd7 5.Bc4 Be7 6.O-O O-O 7.dxe5 dxe5 8.h3 c6
9.a4 a5 10.Qe2 Qc7 11.Be3 Nc5 12.Rfe1 Ne6 13.Rad1 h6 14.g3 Bb4 15.Bd2 Re8
16.Nb1 Bxd2 17.Nbxd2 Nc5 18.Qe3 Nxa4 19.Qa3 b5 20.Bf1 Nb6 21.Bg2 Nbd7 22.Nf1 Nf8
23.Nh4 Be6 24.Ne3 Red8 25.Nhf5 Kh7 26.Qa1 g6 27.Nh4 Rxd1 28.Rxd1 Rd8 29.Re1 N8d7
30.Rd1 a4 31.Qa3 Nb6 32.Rxd8 Qxd8 33.Qc5 Qd4 34.Qxc6 Qxb2 35.Qxb6 a3 36.Qd8 a2
37.Qxf6 a1=Q+ 38.Kh2 Qbc1 39.g4 Qa6 40.g5 Qc8 41.gxh6 Qh8 42.Qe7 Kxh6 43.Nf3 Qa1
44.Ng5 Qa2 45.Ng4+ Kg7  1/2-1/2

[Event "Norwegian Open"]
[Site "Oslo NOR"]
[Date "2005.03.19"]
[Round "1"]
[White "Hanley,Ja"]
[Black "Hanley,C"]
[Result "0-1"]
[WhiteElo "2056"]
[BlackElo "2397"]

1.e4 d6 2.d4 Nf6 3.Nc3 e5 4.dxe5 dxe5 5.Qxd8+ Kxd8 6.Bc4 Be6 7.Bxe6 fxe6
8.Be3 Bb4 9.O-O-O+ Nbd7 10.f3 Ke7 11.Nge2 a6 12.Kb1 b5 13.a3 Bc5 14.Bxc5+ Nxc5
15.Nc1 Rhb8 16.b4 Nb7 17.Nb3 c6 18.Rd2 a5 19.Rhd1 axb4 20.axb4 Rc8 21.Na2 Rc7
22.Nac1 Ra4 23.Nd3 Nd7 24.c3 Ra3 25.Kb2 Ra7 26.Ra1 Nd6 27.Kb1 Rxa1+ 28.Kxa1 Nc4
29.Ra2 g5 30.Kb1 h5 31.Kc1 Ndb6 32.Na5 Kf6 33.Nc5 Nd6 34.Kd1 g4 35.Rf2 Ke7
36.fxg4 hxg4 37.h3 Na4 38.Nxa4 bxa4 39.hxg4 c5 40.Re2 cxb4 41.cxb4 a3 42.Rc2 Rd7
43.Nc6+ Kf6 44.g5+ Kxg5 45.Nxe5 Ra7 46.Ra2 Kf4 47.Nc6 Ra8 48.Na5 Nb5 49.Kc2 Rg8
50.Kd3 Rg3+ 51.Kc4 Nd6+ 52.Kd4 e5+ 53.Kd5 Nxe4 54.Rc2 a2  0-1

[Event "78th ch-City"]
[Site "St Petersburg RUS"]
[Date "2005.03.20"]
[Round "4"]
[White "Klimov,S"]
[Black "Lugovoi,A"]
[Result "0-1"]
[WhiteElo "2509"]
[BlackElo "2552"]

1.e4 d6 2.d4 Nf6 3.Nc3 e5 4.dxe5 dxe5 5.Qxd8+ Kxd8 6.Bg5 Be6 7.O-O-O+ Nd7
8.f4 exf4 9.Nf3 Kc8 10.Bxf4 Bc5 11.h3 Nh5 12.Bh2 Be3+ 13.Kb1 Bf4 14.g4 Bxh2
15.Rxh2 Nf4 16.Rhd2 c6 17.Ng5 Ne5 18.Rf2 f6 19.Nf3 Nxf3 20.Rxf3 Ng6 21.Ne2 Kc7
22.Nd4 Rae8 23.Nf5 Rhg8 24.Rf2 Ne5 25.Be2 Rd8 26.Rff1 Rxd1+ 27.Rxd1 g6 28.Ne3 Rd8
29.Rxd8 Kxd8 30.a3 Ke7 31.Kc1 Nf7 32.Nd1 f5 33.exf5 gxf5 34.Ne3 fxg4 35.Nxg4 Ng5
36.Nf2 Nxh3  0-1

[Event "Open"]
[Site "Coventry ENG"]
[Date "2005.03.24"]
[Round "1"]
[White "Mason,D"]
[Black "Van Kemenade,R"]
[Result "1-0"]
[WhiteElo "2255"]
[BlackElo "2087"]

1.e4 d6 2.d4 Nf6 3.Nc3 Nbd7 4.f4 e5 5.Nf3 exd4 6.Qxd4 g6 7.Bc4 Bg7 8.e5 Ng4
9.Bxf7+ Kxf7 10.Ng5+ Ke8 11.Ne6 dxe5 12.fxe5 Ngxe5 13.Nxg7+ Kf7 14.Bh6 Nf6
15.Qxe5 Ng4 16.O-O+ Bf5 17.Qe6+ Kf8 18.Nxf5+ Nxh6 19.Nxh6+ Kg7 20.Rf7+ Kxh6
21.Qh3+ Kg5 22.Ne4+  1-0

[Event "Alpress Cup"]
[Site "Frydek Mistek CZE"]
[Date "2005.03.24"]
[Round "2"]
[White "Stojanas,J"]
[Black "Lebedev,Vad"]
[Result "1-0"]
[WhiteElo "2105"]
[BlackElo "1986"]

1.e4 d6 2.d4 Nf6 3.Nc3 e5 4.Nf3 Nbd7 5.Bc4 Be7 6.Ng5 O-O 7.Bxf7+ Rxf7 8.Ne6 Qe8
9.Nxc7 Qd8 10.Nxa8 b5 11.O-O Bb7 12.Nxb5 Bxa8 13.f3 a6 14.dxe5 dxe5 15.Nc3 Bc5+
16.Kh1 Rf8 17.Qe2 Nh5 18.Be3 Nf4 19.Qf2 Bxe3 20.Qxe3 Nc5 21.Rad1 Nce6 22.Nd5 g5
23.Nxf4 gxf4 24.Qf2 Rf6 25.Rd2 Ng5 26.Rfd1  1-0

[Event "XXXXII Open"]
[Site "La Roda ESP"]
[Date "2005.03.24"]
[Round "2"]
[White "Delchev,A"]
[Black "Tudela Corbalan,C"]
[Result "1-0"]
[WhiteElo "2597"]
[BlackElo "2223"]

1.e4 d6 2.d4 Nf6 3.Nc3 c6 4.f4 Qa5 5.e5 Ne4 6.Qf3 Nxc3 7.Bd2 Qd5 8.Qxc3 Bf5
9.Nf3 e6 10.Bc4 Qe4+ 11.Kd1 Bg4 12.Re1 Bxf3+ 13.Kc1 Qf5 14.Qxf3 h5 15.h3 h4
16.Qb3 b5 17.Bd3 Qh5 18.a4  1-0

[Event "XXXXII Open"]
[Site "La Roda ESP"]
[Date "2005.03.24"]
[Round "3"]
[White "Ramirez Diaz,J"]
[Black "Garcia Fernandez,C"]
[Result "0-1"]
[WhiteElo "2062"]
[BlackElo "2356"]

1.e4 d6 2.d4 Nf6 3.Nc3 e5 4.dxe5 dxe5 5.Qxd8+ Kxd8 6.Bc4 Be6 7.Bxe6 fxe6
8.Be3 Bd6 9.O-O-O Ke7 10.Nf3 a6 11.h3 b5 12.a3 Nc6 13.Ne1 Rhb8 14.Nd3 Nd7
15.h4 Na5 16.f3 Nc4 17.Bf2 c6 18.Nb1 a5 19.Nd2 Ncb6 20.Nb3 b4 21.axb4 axb4
22.Kd2 Na4 23.Ra1 c5 24.Rxa4 Rxa4 25.Nbxc5 Ra2 26.Nxd7 Kxd7 27.b3 Rc8 28.Rc1 Rc3
29.g3 Rxb3 30.Be1 Rc3 31.Kd1 Rc4 32.Rb1 Rcxc2 33.Nxb4 Bxb4 34.Rxb4 Rg2 35.Rb1 Rg1
36.Rc1 h5 37.Rb1 g6 38.Rc1 Rf1  0-1

[Event "ch-EU"]
[Site "Cork IRL"]
[Date "2005.03.25"]
[Round "4"]
[White "Manca,F"]
[Black "Eisenbeiser,K"]
[Result "1-0"]
[WhiteElo "2373"]
[BlackElo "2064"]

1.e4 d6 2.d4 Nf6 3.Nc3 e5 4.Nf3 Nbd7 5.Bc4 Be7 6.O-O O-O 7.a4 c6 8.Re1 b6
9.h3 Bb7 10.Be3 a6 11.Bg5 h6 12.Bh4 b5 13.Ba2 b4 14.Nb1 c5 15.dxe5 dxe5 16.Nbd2 Qc7
17.Nc4 Rfe8 18.Bxf6 Nxf6 19.Ncxe5 Rf8 20.Qd3 Rad8 21.Qc4 Bxe4 22.Rxe4 Nxe4
23.Nxf7 Rxf7 24.Qxf7+ Kh8 25.Re1 Rf8 26.Qe6 Rxf3 27.Qg8+  1-0

[Event "Open"]
[Site "Coventry ENG"]
[Date "2005.03.25"]
[Round "2"]
[White "Stone,A"]
[Black "Gwaze,R"]
[Result "1/2-1/2"]
[WhiteElo "2254"]
[BlackElo "2402"]

1.d4 d6 2.e4 Nf6 3.Nc3 c6 4.Nf3 g6 5.h3 Bg7 6.Be3 b5 7.Bd3 Bb7 8.O-O O-O
9.a3 a6 10.Nd2 e5 11.dxe5 dxe5 12.b4 a5 13.Nb3 a4 14.Nc5 Bc8 15.Ne2 Nh5 16.Qd2 f5
17.Rad1 Qf6 18.f4 Qf7 19.c3 Na6 20.Nxa6 Rxa6 21.exf5 gxf5 22.fxe5 Bxe5 23.Bd4 Bxd4+  1/2-1/2

[Event "XXXXII Open"]
[Site "La Roda ESP"]
[Date "2005.03.25"]
[Round "4"]
[White "Javakhishvili,L"]
[Black "Fernandez Gil,M"]
[Result "0-1"]
[WhiteElo "2456"]
[BlackElo "2264"]

1.d4 d6 2.e4 Nf6 3.Nc3 e5 4.Nge2 Be7 5.g3 c6 6.a4 a5 7.Bg2 O-O 8.O-O Na6
9.h3 Nb4 10.Nb1 exd4 11.Nxd4 d5 12.c3 Na6 13.e5 Ne4 14.Nd2 Nac5 15.Nxe4 Nxe4
16.Qe1 Qb6 17.Kh2 f5 18.f3 Nc5 19.Qe2 Ne6 20.Be3 c5 21.Nb5 f4 22.Bf2 fxg3+
23.Bxg3 Nf4 24.Bxf4 Rxf4 25.Qd2 g5 26.Qxd5+ Be6 27.Qd1 Rd8 28.Qc2 Bf5 29.Qf2 Qe6
30.Rfe1 Rh4 31.Re2 Bxh3 32.Qxh4 gxh4 33.Bxh3 Qc4 34.Rg1+ Kh8 35.Re4 Rd2+
36.Rg2 Qd3 37.Rg4 Rxg2+ 38.Bxg2 Qe3 39.Re4 Qf2 40.Nd6 Qg3+ 41.Kh1 Bxd6 42.exd6 h3
43.Re8+ Kg7 44.Re2 Qxd6 45.Bf1 Qg3 46.c4 Qxf3+ 47.Kg1 Qg3+ 48.Kh1 Kf6 49.Rh2 Qf3+
50.Kg1 Qe3+ 51.Kh1 Qc1 52.Rf2+ Kg5 53.Kh2 Qe3 54.Rf7 Qe5+ 55.Kh1 Kg4 56.Rf2 Kg3
57.Re2 Qf4 58.Kg1 h2+ 59.Rxh2 Qxf1+ 60.Kxf1 Kxh2  0-1

[Event "Third Sat A"]
[Site "Novi Sad SCG"]
[Date "2005.03.25"]
[Round "9"]
[White "Brunello,S"]
[Black "Stojanovski,D"]
[Result "1-0"]
[WhiteElo "2268"]
[BlackElo "2424"]

1.e4 d6 2.d4 Nf6 3.Nc3 e5 4.Nf3 Nbd7 5.Bc4 Be7 6.O-O O-O 7.Re1 c6 8.a4 a5
9.h3 h6 10.Ba2 Nh7 11.Be3 Ng5 12.Nd2 Nf6 13.Nc4 Qc7 14.d5 Ngxe4 15.Nxe4 Nxe4
16.Bb6 Qb8 17.Rxe4 cxd5 18.Qxd5 Be6 19.Qb5 d5 20.Rxe5 dxc4 21.Re4 Qd6 22.Bxc4 Bd7
23.Qb3 Bf6 24.Bd5 Bf5 25.Rd1 Kh8 26.Re2 Qf4 27.c4 Be6 28.Qe3 Qh4 29.Bd4 Rad8
30.Bxf6 Qxf6 31.Qb3 Bc8 32.Red2 Rfe8 33.Qf3 Bf5 34.g4 Be6 35.Qxf6 gxf6 36.b3 Rd6
37.c5 Rxd5 38.Rxd5 Bxd5 39.Rxd5 Rc8 40.Rd7 Rxc5 41.Rxf7 Rc3 42.Rxb7 Rxh3
43.Kg2 Rc3 44.f3 Kg8 45.Kg3 Kf8 46.Kf4 Ke8 47.Ke4 Kf8 48.f4  1-0

[Event "XXVIII Open"]
[Site "San Sebastian ESP"]
[Date "2005.03.26"]
[Round "9"]
[White "Flear,G"]
[Black "Paunovic,D"]
[Result "1/2-1/2"]
[WhiteElo "2462"]
[BlackElo "2518"]

1.d4 d6 2.e4 Nf6 3.Nc3 e5 4.Nf3 Nbd7 5.Bc4 Be7 6.O-O O-O 7.Re1 c6 8.a4 a5
9.b3 exd4 10.Nxd4 Nb6 11.Bf1 d5 12.e5 Ne4 13.Nxe4 dxe4 14.Bb2 f5 15.exf6 Bxf6
16.Rb1 Re8 17.g3 Nd5 18.Bg2 e3 19.Bxd5+ Qxd5 20.fxe3 Bg5 21.Qd3 Bh3 22.e4 Qc5
23.Qc3 Qb6 24.Rbd1 Bg4 25.Rd3 Bf6 26.Ba3 Re5 27.Bd6 Kh8 28.Bxe5 Bxe5 29.Qd2 Rd8
30.Qg5 Bxd4+ 31.Kg2 Be6 32.Red1 c5 33.c3 h6 34.Qe7 Bxb3 35.Rb1 c4 36.Rxd4 Rxd4
37.cxd4 Qxd4 38.Rf1 Bc2 39.Qf8+ Kh7 40.Qf5+ Kh8 41.Qc8+ Kh7 42.Qf5+ Kh8 43.Qc8+ Kh7
44.Qf5+  1/2-1/2

[Event "Open"]
[Site "Coventry ENG"]
[Date "2005.03.27"]
[Round "6"]
[White "Buckley,D"]
[Black "Chakanyuka,C"]
[Result "1-0"]
[WhiteElo "2223"]
[BlackElo "2129"]

1.e4 d6 2.d4 Nf6 3.Nc3 c6 4.f4 Qa5 5.Bd3 e5 6.Nf3 Nbd7 7.Be3 Be7 8.Qd2 Qc7
9.h3 h5 10.O-O-O b5 11.dxe5 dxe5 12.fxe5 Nxe5 13.Nxe5 Qxe5 14.Bf4 Qc5 15.e5 Nd5
16.Ne4 Qb4 17.c3 Qa4 18.Bg5 Be6 19.Bxe7 Nxe7 20.Bb1 Nd5 21.Qg5 Kd7 22.Nc5+  1-0

[Event "XXXXII Open"]
[Site "La Roda ESP"]
[Date "2005.03.27"]
[Round "8"]
[White "Sanchez Sanchez,A"]
[Black "Ibarra Jerez,JC"]
[Result "0-1"]
[WhiteElo "2036"]
[BlackElo "2434"]

1.e4 d6 2.d4 Nf6 3.Nc3 Nbd7 4.Nf3 e5 5.dxe5 dxe5 6.Bc4 Bb4 7.Bd2 c6 8.Qe2 O-O
9.O-O Qc7 10.a3 Be7 11.b4 a5 12.b5 Nb6 13.Be3 Nfd7 14.Rfb1 Rb8 15.Bxb6 Nxb6
16.bxc6 bxc6 17.Bd3 Bc5 18.Nd1 Bg4 19.Ne3 Bxf3 20.Qxf3 Bd4 21.Ra2 Na4 22.Rxb8 Qxb8
23.c4 Qb3 24.Rd2 Qxa3 25.Nc2 Qc3 26.Qe2 Rd8 27.Ne1 Nc5 28.Rd1 a4 29.Qa2 Qb2
30.Rd2 Qxa2 31.Rxa2 Bc3  0-1

[Event "ch-EU"]
[Site "Cork IRL"]
[Date "2005.03.28"]
[Round "7"]
[White "Jones,G"]
[Black "Roos,M GER"]
[Result "1/2-1/2"]
[WhiteElo "2453"]
[BlackElo "2365"]

1.e4 d6 2.d4 Nf6 3.Nc3 e5 4.Nf3 Nbd7 5.Bc4 Be7 6.O-O O-O 7.a4 a5 8.Re1 c6
9.b3 exd4 10.Qxd4 Ne5 11.Ba3 Nxc4 12.Qxc4 Be6 13.Qd3 d5 14.Bxe7 Qxe7 15.exd5 Rad8
16.Ng5 cxd5 17.Re2 Ne4 18.Ngxe4 dxe4 19.Qxe4 Qf6 20.Qe5 Qxe5 21.Rxe5 Rd2
22.Re2 Rxe2 23.Nxe2 Rd8 24.Ng3 Rd2 25.Rc1 f5 26.Kf1 f4 27.Ne2 Bf5 28.Nxf4 Rxc2
29.Rd1 Rb2 30.Rd5 g6 31.Rxa5 Rxb3 32.Ke2 Ra3 33.Nd5 Kf7 34.g3 Be4 35.Nb6 Bc6
36.Rc5 Ke6 37.a5 h6 38.Nc4 Ra4 39.Ke3 g5 40.h4 Kf6 41.hxg5+ hxg5 42.g4 Bd7
43.f3 Ra1 44.Nd6 Ra3+ 45.Kf2 Bc6 46.Rf5+ Ke7 47.Nc4 Ra4 48.Ne5 Bd5 49.Nd3 Bc4
50.Ne1 Ra2+ 51.Kg3 Bf1 52.Rxg5 Re2 53.Rg7+ Kd6 54.Rxb7 Rxe1 55.Rh7 Bd3 56.Rh2 Ke5
57.Ra2 Ba6 58.Ra4 Rg1+ 59.Kh4 Rf1 60.Re4+ Kf6 61.Kg3 Ra1 62.Rf4+ Kg6 63.Rf5 Ra3
64.Kf2 Bb7 65.f4 Bf3 66.Rg5+ Kf6 67.Kg3 Be4+ 68.Kh4  1/2-1/2

[Event "ch-RUS w 1st League"]
[Site "Samara RUS"]
[Date "2005.03.28"]
[Round "6"]
[White "Vasilevich,I"]
[Black "Fominykh,M"]
[Result "1/2-1/2"]
[WhiteElo "2292"]
[BlackElo "2282"]

1.e4 d6 2.d4 Nf6 3.Nc3 Nbd7 4.Nf3 e5 5.Bc4 Be7 6.O-O O-O 7.Re1 c6 8.a4 Rb8
9.b3 b6 10.Bb2 a6 11.Qd2 Qc7 12.Bd3 Re8 13.Ne2 Bf8 14.Ng3 g6 15.c4 a5 16.Rad1 h5
17.h3 exd4 18.Bxd4 Ne5 19.Nh4 Qd8 20.f4 Nh7 21.Nxg6 Nxg6 22.Nxh5 Qh4 23.Qe2 Nxf4
24.Nxf4 Qxf4 25.Rf1 Qh4 26.Rf2 Bg7 27.Bxg7 Kxg7 28.Rdf1 Rb7 29.Rf4 Qg5 30.Kh1 Nf8
31.Qf2 Be6 32.e5 dxe5 33.Rf3 Kh8 34.Rg3 Qh6 35.Be4 Bc8 36.c5 f5 37.Bxf5 Rf7
38.Rf3 Rxf5 39.Rxf5 Bxf5 40.Qxf5 bxc5 41.Qf7 Qg6 42.Qc7 Nh7 43.Qxa5 Rg8 44.Rg1 Qe4
45.Qxc5 Rg3 46.Kh2 Qf4 47.Kh1 Nf6 48.Qf8+ Rg8 49.Qf7 Qg5 50.a5 e4 51.a6 e3
52.Qe6 Nh5 53.a7 Ng3+ 54.Kh2 Ne2 55.Qxc6 Nxg1 56.a8=Q Qf4+ 57.Kxg1 Qf2+ 58.Kh2 Qg3+
59.Kh1 Qe1+ 60.Kh2 Qg3+ 61.Kh1  1/2-1/2

[Event "Spring Open"]
[Site "Belgrade SCG"]
[Date "2005.03.29"]
[Round "5"]
[White "Damjanovic,L"]
[Black "Momirovic,M"]
[Result "1-0"]
[WhiteElo "2092"]
[BlackElo "2014"]

1.e4 d6 2.d4 Nf6 3.Nc3 Nbd7 4.f4 e5 5.Nf3 exf4 6.Bxf4 Nh5 7.Be3 g6 8.Qd2 c6
9.O-O-O Nb6 10.e5 d5 11.Qf2 Ng7 12.Bd3 Bf5 13.Rhf1 Qd7 14.Ne2 Bxd3 15.Rxd3 Nf5
16.Bg5 Ng7 17.e6 Qc7 18.exf7+ Kxf7 19.Ne5+ Kg8 20.Nf7 Nf5 21.Nxh8 Kxh8 22.g4 Bh6
23.Bxh6 Nxh6 24.Qf6+ Qg7 25.h3 Ng8 26.Qxg7+ Kxg7 27.Re3 Nc4 28.Re6 Rd8 29.Nf4 Rf8
30.Rf2 Rd8 31.Rxg6+ Kh8 32.Re6 Nd6 33.Nd3 Ne4 34.Rf5 Nd6 35.Rh5 Ne4 36.Ne5 Kg7
37.Rf5 Nd6 38.Rf1 a5 39.g5 a4 40.h4 h6 41.Rxd6 Rxd6 42.Rf7+  1-0

[Event "ch-FRA Top 16 GpA"]
[Site "Noyon FRA"]
[Date "2005.03.31"]
[Round "4"]
[White "Libiszewski,F"]
[Black "Laval,B"]
[Result "1-0"]
[WhiteElo "2415"]
[BlackElo "2163"]

1.e4 d6 2.d4 Nf6 3.Nc3 Nbd7 4.f4 e5 5.Nf3 exd4 6.Qxd4 c6 7.Be3 d5 8.exd5 Bc5
9.Qd3 Qe7 10.Nd4 Nb6 11.dxc6 bxc6 12.O-O-O O-O 13.Bf2 Qc7 14.g3 Rb8 15.Ne6 Bxe6
16.Bxc5 Rfd8 17.Bd6 Qb7 18.Qa6 Nc4 19.Qxb7 Rxb7 20.Bxc4 Bxc4 21.Be5 Nd5 22.b3 Ba6
23.Na4 f6 24.Bb2 Be2 25.c4 Bxd1 26.Rxd1 Re7 27.cxd5 Rxd5 28.Rxd5 cxd5 29.Kd2 Kf7
30.Ba3 Rc7 31.Nc3 Ke6 32.Nb5 Rb7 33.Nd4+ Kd7 34.Bf8 g6 35.b4 h5 36.Bc5 Kc8
37.a4 Rc7 38.Nb5  1-0

[Event "1st ch-SCG"]
[Site "Kopaonik SCG"]
[Date "2005.04.02"]
[Round "1"]
[White "Kovacevic,A"]
[Black "Pikula,D"]
[Result "1/2-1/2"]
[WhiteElo "2550"]
[BlackElo "2485"]

1.e4 d6 2.d4 Nf6 3.Nc3 e5 4.Nge2 Be7 5.g3 c6 6.a4 O-O 7.Bg2 Nbd7 8.O-O b6
9.h3 h5 10.Be3 Re8 11.Qd2 Bf8 12.f3 a6 13.g4 hxg4 14.hxg4 Nh7 15.Rf2 Be7  1/2-1/2

[Event "Bundesliga 2005-6"]
[Site "Muelheim GER"]
[Date "2005.04.02"]
[Round "15"]
[White "Stellwagen,D"]
[Black "Schebler,G"]
[Result "1-0"]
[WhiteElo "2573"]
[BlackElo "2465"]

1.e4 d6 2.d4 Nf6 3.Nc3 e5 4.Nf3 Nbd7 5.Bc4 Be7 6.O-O O-O 7.Re1 c6 8.a4 Qc7
9.Ba2 b6 10.Bg5 Rb8 11.Nh4 exd4 12.Qxd4 Nc5 13.Nf5 Bxf5 14.exf5 d5 15.b4 Nce4
16.Nxe4 dxe4 17.g3 Rbd8 18.Qc4 Rd5 19.Rad1 Qd7 20.Rxd5 cxd5 21.Qb5 Qxb5 22.axb5 Rd8
23.c3 Rc8 24.Bxf6 Bxf6 25.Bxd5 Rxc3 26.Rxe4 Kf8 27.Bc6 Be7 28.Rd4 Ra3 29.Rd7 g6
30.g4 gxf5 31.gxf5 f6 32.Kg2 Ra4 33.h3 Rxb4 34.Rxa7 Rf4 35.Bd7 h5 36.Be6 Rb4
37.Ra8+ Kg7 38.Ra7 Kf8 39.Kg3 Bd6+ 40.Kf3 Be5 41.Rf7+ Ke8 42.Rb7 Rf4+ 43.Kg2 Bd4
44.Kg3 Rxf2 45.Rh7 Rb2 46.Kh4 Rg2 47.Kxh5 Rg5+ 48.Kh6 Be3 49.h4 Rxf5+ 50.Kg6 Rc5
51.Bd7+ Kd8 52.Bc6 Rc2 53.h5 f5 54.Rd7+ Kc8 55.h6 Rh2 56.h7 Bc1 57.Rd1 Bb2
58.Rh1  1-0